Представление документа в формате RUSMARC

ПолеНазваниеЗначение
  Тип записи a
  Библиографический уровень a
001 Контрольный номер RU/УОНБ/EK_Kray/403196506
005 Дата корректировки 20240801141330.8
100 Данные общей обработки __
a Данные общей обработки 20121010d2012 ||| 0rusy0189 ca
101 Язык документа 0_
a Язык текста rus
102 Страна публикации __
a Страна публикации RU
105 Кодированные данные (монография) __
a Кодированные данные (монография) y###||||000|y
200 Заглавие и сведения об ответственности 1_
a Заглавие Битва за "Великое столетие"
e Сведения, относящиеся к заглавию беседа с бывшим литсотрудником отдела пропаганды газеты "Ульяновская правда" Галиной Алексеевной Денисовой
f Первые сведения об ответственности Галина Алексеевна Денисова
g Последующие сведения об ответственности записала К. Майорова
215 Физическое описание __
c Иллюстрации/тип воспроизводства 1 портр.
225 Серия __
a Серия Дата
330 Аннотация __
a Аннотация Г.А. Денисова работала в редакции газеты "Ульяновская правда " с 1962 по 1972 гг.
461 Уровень набора _0
1 2000
a Ульяновская правда
1 011
463 Уровень физической единицы _0
1 001RU/УОНБ/EK_Kray/402939787
1 2000
a 2 окт
v С. 14.
1 210
d 2012
600 Персоналии _1
a Персоналии (Фамилия) Денисова, Галина Алексеевна
601 Наименование организации как предмет 02
a Наименование организации как предмет Редакция газеты "Ульяновская правда"
610 Ключевые слова 0_
a Ключевые слова юбилей газеты
610 Ключевые слова 0_
a Ключевые слова газета "Ульяновская правда"
610 Ключевые слова 0_
a Ключевые слова ветераны труда
686 Индексы других классификаций __
a Классификационный индекс 76.125.10
2 Код системы rubbk
700 Автор _1
a Фамилия Денисова
b Имя (инициалы) Г.
g Полное личное имя Галина
4 Код отношения 460
702 Вторичная интеллектуальная ответственность _1
a Фамилия Майорова
b Имя (инициалы) К.
g Полное личное имя Ксения
4 Код отношения 470
801 Источник записи _0
a Страна RU
b Организация Ульяновская ОНБ
c Дата составления 20121010
g Правила каталогизации RCR
801 Источник записи _1
a Страна RU
b Организация Ульяновская ОНБ
c Дата составления 20121010
g Правила каталогизации RCR
901 Тип документа __
t Тип документа b
w Контрольный № источника UONB/MAIN/e04e002176894362917ceb138df46188
909 Создатель записи __
a Создатель записи Морозова Н.А.
938 Служебная информация __
a Имя БД kraeved_work
b Имя библиотеки УОНБ
c Имя АИБС МАРК-SQL
d Номер DOC_ID в БД 91016